Ibu sejati : Kelahiran, penjagaan & pendidkan anak cemerlang

Bibliographic Details
Main Author: Buckley, Silma
Corporate Author: Title
Other Authors: Zanariah Yahaya
Format: Book
Published: Kuala Lumpur : Darul Nu'man , 1998
Subjects:

MARC

LEADER 00000cam a2200000 7i4500
001 0000013017
005 20080107.0
008 080107
020 |a 9839017756 
090 0 0 |a 618.24   |b SIL 
100 1 |a Buckley, Silma 
245 1 0 |a Ibu sejati :   |b Kelahiran, penjagaan & pendidkan anak cemerlang   |c Silma Buckley;penyusun Zanariah Yahaya 
260 |a Kuala Lumpur :   |b Darul Nu'man ,   |c 1998 
650 0 |a Childbirth 
650 0 |a Pregnancy   |x Religious aspect   |x Islam 
700 0 |a Zanariah Yahaya 
710 0 |a Title 
999 |a 0000002044   |b Book   |c Adult Collection   |e Cawangan Bandar Penawar 
999 |a 0000924261   |b Book   |c Adult Collection   |e Cawangan Bukit Gambir 
999 |a 0000924262   |b Book   |c Adult Collection   |e Cawangan Bukit Gambir 
999 |a 0000933870   |b Book   |c Adult Collection   |e Cawangan Tangkak 
999 |a 0000933871   |b Book   |c Adult Collection   |e Cawangan Tangkak 
999 |a 0000933872   |b Book   |c Adult Collection   |e Cawangan Tangkak 
999 |a 0001009471   |b Book   |c Adult Collection   |e Perbadanan Perpustakaan Awam Johor 
999 |a 0001009472   |b Book   |c Adult Collection   |e Perbadanan Perpustakaan Awam Johor